| 000 | 00000nam##2200000za#4500 |
| 001 | 9.647083 |
| 003 | CaOODSP |
| 005 | 20200401080735 |
| 007 | ta |
| 008 | 150407|1998||||xxc||||| f|0| 0 eng|d |
| 020 | |a0-662-27170-X |
| 040 | |aCaOODSP|beng |
| 043 | |an-cn--- |
| 086 | 1 |aA53-1981/1998E |
| 110 | 1 |aCanada. |bAgriculture and Agri-Food Canada. |bResearch Branch. |
| 245 | 14|aThe health of our air : |btoward sustainable agriculture in Canada / |cEdited by H. H. Janzen et al. |
| 260 | |aOttawa - Ontario : |bAgriculture and Agri-Food Canada. |c1998. |
| 300 | |avii, 98p. : |bfigs., graphs, references, tables ; |c28 cm. |
| 500 | |a"This book comprehensively addresses those interactions between land and atmosphere that arise because of agricultural practices in Canada."--Page v. Contents: Introduction.--Canadian agriculture and greenhouse gases.--Ozone.--Other links between agriculture and the atmosphere.--Conclusions.--Bibliography and selected reading. |
| 520 | 3 |aThis book comprehensively addresses those interactions between land and atmosphere that arise because of agricultural practices in Canada.--Page v |
| 563 | |aSoftcover |
| 590 | |a99-10|b1999-03-12 |
| 690 | 07|aAir quality|2gcpds |
| 690 | 07|aAgriculture|2gcpds |
| 690 | 07|aAir pollution|2gcpds |
| 720 | 1 |aJanzen, H. H. |
| 775 | 08|tLa santé de l'air que nous respirons : |w(CaOODSP)9.680548 |
| 776 | 0#|tThe health of our air : |w(CaOODSP)9.686880 |
| 986 | |aPublication 1981/E |